Rooman valtakunnan kaupungit - Äkkikuolema - Statistics

Yleistilastot
  • Tätä visaa on pelattu 828 kertaa
  • Keskiarvotulos 12 / 21
Answers on the Grid
Answers color-coded by a green-red scale on the quiz's grid according to % correct below.
Aleksandria
Amman
Ankara
Ateena
Belgrad
Berliini
Budapest
Dakar
Damaskos
Delhi
Dubai
Dublin
Istanbul
Jerusalem
Köln
Kööpenhamina
Lissabon
Lontoo
Lyon
Marseille
Milano
Mogadishu
Moskova
Pariisi
Riad
Sevilla
Teheran
Timbuktu
Tunis
Wien
York
Zürich
 
Vastaustilastot
Vastaus % Oikein
Aleksandria
86%
Ateena
82%
Milano
74%
Istanbul
66%
Jerusalem
64%
Marseille
64%
Pariisi
61%
Ankara
59%
Lyon
59%
Sevilla
57%
Damaskos
56%
Tunis
56%
Wien
54%
Belgrad
52%
Budapest
51%
Lissabon
48%
Lontoo
48%
Zürich
46%
Amman
44%
Köln
42%
York
32%
Ehtoja vastaavia visoja ei löytynyt
Tulosjakauma
Jokaisen tuloksen saaneiden osuus
Persentiili vastausten määrän mukaan
Tuloshistoriasi
Et ole pelannut tätä visaa